000 00614nam a22001937a 4500
003 0
005 20250830093231.0
008 250830b xxu||||| |||| 00| 0 eng d
020 _a979-8-88836-809-1
050 _aQA 278.2
_b.M65 2025
100 _aMolloy, Graham,
_eauthor.
245 _aLinear regression analysis /
_cGraham Molloy.
260 _aNew York, NY :
_bLarsen and Keller Education,
_c2025.
300 _a235 pages :
_billustrations ;
_c27 cm.
504 _aIncludes bibliographical references and index.
650 _aRegression analysis.
650 _aLinear models (Statistics).
942 _2lcc
_cBK
999 _c367705
_d367705